000
00269 a2200109 4500
000
nam a22 7a 4500
005
20260206144238.0
100
_a
Annadurai, S.
_9
1114256
245
_a
Basic Electrical & Electronic Engineering
260
_b
Pearson
942
_c
TEXL
999
_c
1678819
_d
1678819